The anatomy of a compiler /

Guardado en:
Autor Principal: Lee, John A. N.
Formato: Libro
Idioma:English
Publicado: New York : Van Nostrand Reinhold, [1974]
Edición:2nd ed.
Series:Computer science series
Materias:
Etiquetas: Agregar Etiqueta
Sin Etiquetas, Sea el primero en etiquetar este registro!
LEADER 00616cam a2200205 a 4500
001 MAT.inmabb005899
008 740603s1974####nyua##########001#0#eng##
005 20160427154029.0
245 1 4 |a The anatomy of a compiler /  |c [by] John A. N. Lee. 
250 |a 2nd ed. 
260 |a New York :  |b Van Nostrand Reinhold,  |c [1974] 
300 |a x, 470 p. :  |b il. ;  |c 23 cm. 
490 0 |a Computer science series 
020 |a 0442247338 
100 1 |a Lee, John A. N. 
650 0 |a Compilers (Computer programs) 
084 |a 68N20  |2 msc2000 
010 |a  74010766  
040 |a DLC  |c DLC  |d DLC 
859 |h 68  |i L477-2  |p A-4616  |b BIB. MATEMATICA